LIBRARY & INFORMATION CENTRE, KCAET, TAVANUR

ONLINE PUBLIC ACCESS CATALOGUE (OPAC)

Advanced history of India / (Record no. 9228)

MARC details
000 -LEADER
fixed length control field 00482cam a2200193ua 4500
041 ## - LANGUAGE CODE
Language code of text/sound track or separate title eng
082 ## - DEWEY DECIMAL CLASSIFICATION NUMBER
Classification number 954
Item number MAJ/AD
100 ## - MAIN ENTRY--AUTHOR NAME
Personal name Majumdar, R C.
245 ## - TITLE STATEMENT
Title Advanced history of India /
250 ## - EDITION STATEMENT
Edition statement 2 /
260 ## - PUBLICATION, DISTRIBUTION, ETC. (IMPRINT)
Place of publication London :
Name of publisher McMillon & Co Ltd ,
Year of publication 1965.
300 ## - PHYSICAL DESCRIPTION
Number of Pages 1122 ; .
700 1# - ADDED ENTRY--PERSONAL NAME
Personal name Kalikinkar , Datta .
700 1# - ADDED ENTRY--PERSONAL NAME
Personal name Raychaudhuri, H C .
942 ## - ADDED ENTRY ELEMENTS (KOHA)
Koha item type Books
Holdings
Withdrawn status Lost status Damaged status Home library Current library Date acquired Full call number Accession Number Koha item type Public note
Withdrawn     KAUAET Malayalam University 07/04/2012 954 8570 Books Transferred to Malayalam University
Withdrawn     KAUAET Sanskrit University 07/04/2012 954 2563 Books  
free website counter